[Event "Global Chess League 2023"]
[Site "Dubai UAE"]
[Date "2023.06.30"]
[Round "9.2"]
[White "Gukesh, D"]
[Black "Mamedyarov, Shakhriyar"]
[Result "0-1"]
[WhiteTitle "GM"]
[BlackTitle "GM"]
[WhiteElo "2736"]
[BlackElo "2740"]
[WhiteTeam "SG Alpine Warriors"]
[BlackTeam "Chingari Gulf Titans"]
[WhiteFideId "46616543"]
[BlackFideId "13401319"]
[EventDate "2023.06.22"]

1. c4 Nf6 2. Nc3 e5 3. Nf3 Nc6 4. g3 d5 5. cxd5 Nxd5 6. Bg2 Nf6 7. O-O h6 8. d3
Bd6 9. a3 O-O 10. b4 Re8 11. Bb2 Bg4 12. h3 Be6 13. Nd2 Qd7 14. Kh2 Rad8 15. Nc4
a6 16. Rc1 h5 17. Nxd6 cxd6 18. Qd2 Rc8 19. Ne4 Nxe4 20. dxe4 f6 21. e3 Ne7 22.
Qe2 Rxc1 23. Rxc1 Bf7 24. Bf3 Rc8 25. Bxh5 Rxc1 26. Bxf7+ Kxf7 27. Bxc1 Qc6 28.
Qh5+ Kf8 29. Qd1 Nc8 30. a4 Qxe4 31. Ba3 b5 32. axb5 axb5 33. Qe2 Qc4 34. Qf3
Ne7 35. e4 Nc6 36. Bb2 Qxb4 37. Ba3 Qd4 38. Kg2 b4 39. Bc1 Qc4 40. Bb2 Qc2 41.
Qg4 Ne7 0-1

[Event "Global Chess League 2023"]
[Site "Dubai UAE"]
[Date "2023.06.30"]
[Round "9.3"]
[White "Erigaisi, Arjun"]
[Black "Dubov, Daniil"]
[Result "1/2-1/2"]
[WhiteTitle "GM"]
[BlackTitle "GM"]
[WhiteElo "2702"]
[BlackElo "2716"]
[WhiteTeam "SG Alpine Warriors"]
[BlackTeam "Chingari Gulf Titans"]
[WhiteFideId "35009192"]
[BlackFideId "24126055"]
[EventDate "2023.06.22"]

1. e4 c5 2. Nf3 Nc6 3. d4 cxd4 4. Nxd4 Nf6 5. Nc3 e5 6. Ndb5 d6 7. Nd5 Nxd5 8.
exd5 Ne7 9. c4 Ng6 10. Qa4 Bd7 11. Qb4 Qb8 12. h4 h5 13. Be2 Be7 14. g3 a6 15.
Nc3 b5 16. cxb5 axb5 17. Nxb5 O-O 18. a4 f5 19. Bxh5 Bxb5 20. Bxg6 Bd8 21. Bd2
Qb7 22. Qb3 Qd7 23. Qd1 Rf6 24. Qh5 Rxg6 25. Qxg6 Bf6 26. Bg5 Qc7 27. Bxf6 Rxa4
28. Kd2 Rd4+ 29. Ke1 Re4+ 30. Kd1 Rd4+ 31. Ke1 Re4+ 32. Kd1 Rd4+ 1/2-1/2

[Event "Global Chess League 2023"]
[Site "Dubai UAE"]
[Date "2023.06.30"]
[Round "9.5"]
[White "Paehtz, Elisabeth"]
[Black "Shuvalova, Polina"]
[Result "1/2-1/2"]
[WhiteTitle "GM"]
[BlackTitle "IM"]
[WhiteElo "2477"]
[BlackElo "2496"]
[WhiteTeam "SG Alpine Warriors"]
[BlackTeam "Chingari Gulf Titans"]
[WhiteFideId "4641833"]
[BlackFideId "24171760"]
[EventDate "2023.06.22"]

1. e4 c5 2. Nf3 e6 3. d4 cxd4 4. Nxd4 Nf6 5. Nc3 Nc6 6. Ndb5 Bc5 7. Bf4 O-O 8.
Bc7 Qe7 9. Bd6 Bxd6 10. Qxd6 Qd8 11. O-O-O a6 12. Nd4 Ne7 13. h4 b5 14. h5 Ne8
15. Qh2 h6 16. a3 Qb6 17. g4 Bb7 18. Rg1 f6 19. Qg3 Rc8 20. Nb3 d5 21. exd5 Nxd5
22. Nxd5 Bxd5 23. Bg2 Nc7 24. Kb1 Rfd8 25. Bxd5 Nxd5 26. Rd2 b4 27. axb4 Nxb4
28. Rxd8+ Qxd8 29. Rc1 Qd5 30. Qe3 a5 31. Qb6 Ra8 32. Re1 e5 33. Qc5 Qxc5 34.
Nxc5 Rc8 35. Nd3 Nxd3 36. cxd3 Kf7 37. Re4 Rc5 38. Rc4 Rd5 39. Kc2 f5 40. Rc7+
Kf6 41. Rc6+ Kf7 42. gxf5 Rd4 43. Re6 Rd5 44. Kc3 Rc5+ 45. Kd2 Rb5 46. Ke3 Rxb2
47. Rxe5 a4 48. Ra5 Rb4 49. d4 Kf6 50. Ke4 Rb2 51. Ra6+ Kf7 52. f4 Re2+ 53. Kd5
Ra2 54. Ke5 Re2+ 55. Kd6 Ra2 56. Kd7 a3 57. d5 Rd2 58. d6 a2 59. Kc7 Rc2+ 60.
Kd8 Rd2 61. d7 Rc2 62. Ra8 Kf8 63. Ra5 Kf7 64. Ra6 Rd2 65. Kc8 Rc2+ 66. Kb7 Ke7
67. Kb6 Kxd7 68. Kb5 Ke7 69. Kb4 Rf2 70. Kb3 Kf7 71. Kc3 Rh2 72. Kd3 Rxh5 73.
Rxa2 Rxf5 74. Ke4 Rb5 75. Ra7+ Kg6 76. Kf3 Rb3+ 77. Kg4 Rb6 78. Rc7 Kf6 79. Rd7
Kg6 80. Rc7 Rb1 81. Rc6+ Kh7 82. f5 Rb4+ 83. Kg3 Rb7 84. Kg4 Kg8 85. Ra6 Rb4+
86. Kg3 Kf7 87. Rc6 Rd4 88. Ra6 Ke7 89. Re6+ Kf7 90. Rb6 Ra4 91. Rc6 Kg8 92. Rb6
Ra8 93. Kg4 Rf8 94. Rc6 Kh7 95. Rb6 Rf7 96. Rc6 Rf6 97. Rxf6 gxf6 98. Kh5 Kg7
99. Kh4 Kh7 100. Kh5 1/2-1/2

[Event "Global Chess League 2023"]
[Site "Dubai UAE"]
[Date "2023.06.30"]
[Round "9.6"]
[White "Praggnanandhaa, R"]
[Black "Nihal, Sarin"]
[Result "1/2-1/2"]
[WhiteTitle "GM"]
[BlackTitle "GM"]
[WhiteElo "2690"]
[BlackElo "2681"]
[WhiteTeam "SG Alpine Warriors"]
[BlackTeam "Chingari Gulf Titans"]
[WhiteFideId "25059530"]
[BlackFideId "25092340"]
[EventDate "2023.06.22"]

1. e4 e5 2. Nf3 Nc6 3. Bb5 a6 4. Ba4 Nf6 5. O-O Be7 6. d3 b5 7. Bb3 d6 8. a4 Bd7
9. Bd2 O-O 10. h3 b4 11. a5 h6 12. c3 Rb8 13. Bc4 bxc3 14. bxc3 Be6 15. Bxa6 Ra8
16. Bb5 Nxa5 17. c4 Nb7 18. Rxa8 Qxa8 19. Be3 Rc8 20. Qa4 Qxa4 21. Bxa4 Nd7 22.
Bc6 Nd8 23. Bd5 c6 24. Bxe6 Nxe6 25. Nbd2 Ndc5 26. d4 exd4 27. Nxd4 Nxd4 28.
Bxd4 Ne6 29. Be3 Ra8 30. Rb1 Bg5 31. Bxg5 hxg5 32. Nf3 Ra4 33. e5 dxe5 34. Nxe5
f6 35. Nxc6 Rxc4 36. Ne7+ Kh7 37. Nf5 Rc5 38. Ne3 1/2-1/2

[Event "Global Chess League 2023"]
[Site "Dubai UAE"]
[Date "2023.06.30"]
[Round "9.1"]
[White "Carlsen, Magnus"]
[Black "Vachier-Lagrave, Maxime"]
[Result "1/2-1/2"]
[WhiteTitle "GM"]
[BlackTitle "GM"]
[WhiteElo "2853"]
[BlackElo "2747"]
[WhiteTeam "SG Alpine Warriors"]
[BlackTeam "Upgrad mumba masters"]
[WhiteFideId "1503014"]
[BlackFideId "623539"]
[EventDate "2023.06.22"]

1. d4 Nf6 2. c4 g6 3. Nc3 d5 4. Bd2 Bg7 5. cxd5 Nxd5 6. e4 Nxc3 7. Bxc3 O-O 8.
Qd2 c5 9. d5 e6 10. Bxg7 Kxg7 11. Bc4 exd5 12. Bxd5 Nc6 13. Ne2 Nb4 14. Nc3 Qf6
15. O-O Rd8 16. Rad1 Be6 17. Qe2 Nxd5 18. exd5 Bf5 19. Rfe1 h5 20. h3 Rd7 21. a4
b6 22. Qe3 Rad8 23. Re2 g5 24. Rde1 Bg6 25. Qc1 Qf4 26. Re3 h4 27. Qd1 a6 28.
Qe2 c4 29. Re8 Bf5 30. Rxd8 Rxd8 31. Rd1 b5 32. axb5 axb5 33. Qe7 Rd6 34. Ne2
Qe4 35. Qxd6 Qxe2 36. Ra1 Qxb2 37. Re1 Qd4 38. Qe7 c3 39. d6 Kg6 40. Qf8 c2 41.
Qg8+ Qg7 42. Qe8 Qc3 43. Qg8+ Kh6 44. Qf8+ Kg6 1/2-1/2

[Event "Global Chess League 2023"]
[Site "Dubai UAE"]
[Date "2023.07.01"]
[Round "10.5"]
[White "Paehtz, Elisabeth"]
[Black "Dronavalli, Harika"]
[Result "0-1"]
[WhiteTitle "GM"]
[BlackTitle "GM"]
[WhiteElo "2477"]
[BlackElo "2510"]
[WhiteTeam "SG Alpine Warriors"]
[BlackTeam "Upgrad mumba masters"]
[WhiteFideId "4641833"]
[BlackFideId "5015197"]
[EventDate "2023.06.22"]

1. d4 g6 2. Nf3 Bg7 3. c3 d6 4. e4 Nf6 5. Bd3 O-O 6. O-O Nc6 7. Bg5 h6 8. Bh4 e5
9. Nbd2 Qe8 10. Re1 Nh5 11. dxe5 Nxe5 12. Nxe5 dxe5 13. Bf1 Nf4 14. Bg3 Nh5 15.
Bh4 Be6 16. Qc2 Nf4 17. Bg3 Rd8 18. Nc4 Qe7 19. Ne3 c6 20. a4 Nh5 21. Bc4 Bc8
22. a5 Nxg3 23. hxg3 h5 24. b4 a6 25. Bb3 Bh6 26. Qe2 Kg7 27. Rad1 Bg5 28. Rxd8
Rxd8 29. Rd1 Rh8 30. f3 h4 31. g4 Bf4 32. Nf1 Rd8 33. Rd3 Qc7 34. Ne3 b6 35. Nc4
bxa5 36. Rxd8 Qxd8 37. Nxa5 c5 38. Qd1 Qc7 39. Qd5 cxb4 40. cxb4 Qc1+ 41. Bd1
Qe3+ 42. Kf1 Be6 43. Qc5 Qd3+ 44. Be2 Qb1+ 45. Kf2 Bg3+ 46. Ke3 Qe1 47. Kd3 Qb1+
48. Ke3 Bf4+ 49. Kf2 Bd2 50. f4 Qe1+ 51. Kf3 Qg3# 0-1

[Event "Global Chess League 2023"]
[Site "Dubai UAE"]
[Date "2023.07.01"]
[Round "10.6"]
[White "Praggnanandhaa, R"]
[Black "Sindarov, Javokhir"]
[Result "1/2-1/2"]
[WhiteTitle "GM"]
[BlackTitle "GM"]
[WhiteElo "2690"]
[BlackElo "2646"]
[WhiteTeam "SG Alpine Warriors"]
[BlackTeam "Upgrad mumba masters"]
[WhiteFideId "25059530"]
[BlackFideId "14205483"]
[EventDate "2023.06.22"]

1. d4 Nf6 2. c4 g6 3. Nc3 d5 4. Nf3 Bg7 5. Bg5 Ne4 6. Bf4 Nxc3 7. bxc3 c5 8.
cxd5 Qxd5 9. e3 Nc6 10. Be2 cxd4 11. cxd4 Qa5+ 12. Qd2 O-O 13. Qxa5 Nxa5 14. h4
Be6 15. h5 Rfc8 16. h6 Bf8 17. e4 Bc4 18. Nd2 Bxe2 19. Kxe2 f6 20. d5 Kf7 21.
Rac1 e5 22. Be3 b6 23. f4 exf4 24. Bxf4 Ba3 25. Rxc8 Rxc8 26. Rf1 Kg8 27. g4 g5
28. Be3 Bb2 29. Nf3 Rc2+ 30. Kd1 Rg2 31. Nd2 Be5 32. d6 Kf7 33. Bxg5 Ke6 34. d7
Nc6 35. Bf4 Bc3 36. Rf3 Bxd2 37. Bxd2 Rxg4 1/2-1/2

[Event "Global Chess League 2023"]
[Site "Dubai UAE"]
[Date "2023.07.01"]
[Round "10.2"]
[White "Mamedyarov, Shakhriyar"]
[Black "Abdusattorov, Nodirbek"]
[Result "0-1"]
[WhiteTitle "GM"]
[BlackTitle "GM"]
[WhiteElo "2740"]
[BlackElo "2732"]
[WhiteTeam "Chingari Gulf Titans"]
[BlackTeam "Balan Alaskan knights"]
[WhiteFideId "13401319"]
[BlackFideId "14204118"]
[EventDate "2023.06.22"]

1. c4 e6 2. Nc3 d5 3. d4 Nf6 4. cxd5 exd5 5. Bg5 c6 6. e3 Bf5 7. Nge2 Nbd7 8.
Ng3 Be6 9. Bf4 Nb6 10. Bd3 Bd6 11. Nce2 Bb4+ 12. Kf1 O-O 13. h3 Bd6 14. Qc2 Bxf4
15. Nxf4 Nc8 16. Ngh5 Nxh5 17. Nxh5 Qh4 18. Nf4 Nd6 19. g3 Qh6 20. Kg2 Bd7 21.
h4 Rae8 22. a4 Ne4 23. b4 Qd6 24. b5 Rc8 25. bxc6 Rxc6 26. Qb3 Nd2 27. Qxb7 Bg4
28. Rhc1 Bf3+ 29. Kh2 Rb6 30. Qxa7 Rb2 31. Rc2 Rxc2 32. Bxc2 h6 33. Qa5 Nc4 34.
Qc5 Qd7 35. Qb5 Qd6 36. Qc5 Qd7 37. Rb1 g5 38. Bh7+ Kg7 39. Nh3 Rc8 0-1

[Event "Global Chess League 2023"]
[Site "Dubai UAE"]
[Date "2023.07.01"]
[Round "10.4"]
[White "Kosteniuk, Alexandra"]
[Black "Tan, Zhongyi"]
[Result "1/2-1/2"]
[WhiteTitle "GM"]
[BlackTitle "GM"]
[WhiteElo "2523"]
[BlackElo "2523"]
[WhiteTeam "Chingari Gulf Titans"]
[BlackTeam "Balan Alaskan knights"]
[WhiteFideId "4128125"]
[BlackFideId "8603642"]
[EventDate "2023.06.22"]

1. e4 e5 2. Nf3 Nf6 3. Nxe5 d6 4. Nf3 Nxe4 5. d4 d5 6. Bd3 Nc6 7. O-O Be7 8. Re1
Bf5 9. Nbd2 Nd6 10. Nf1 O-O 11. Ng3 Bg6 12. c3 Re8 13. Bf4 Bf8 14. Ne5 Nxe5 15.
dxe5 Nc4 16. Bxg6 hxg6 17. b3 Nb6 18. Qd2 a5 19. Rad1 a4 20. Qc2 axb3 21. axb3
Qh4 22. Ne2 g5 23. Bg3 Qh7 24. Qd2 Qg6 25. Ra1 c6 26. Nd4 Rxa1 27. Rxa1 Nd7 28.
Re1 Nc5 29. f3 Nd3 30. Re3 Nf4 31. Bxf4 gxf4 32. Re2 Bc5 33. b4 Bxd4+ 34. Qxd4
Qf5 35. Kf2 Re6 36. Qa7 b5 37. Qb8+ Kh7 38. Qc7 Rg6 39. Qe7 Qh5 40. e6 fxe6 41.
Rxe6 Rxe6 42. Qxe6 Qxh2 43. Qxc6 Qh4+ 44. Ke2 Qe7+ 45. Kd1 Qe5 46. Qc5 Kh6 47.
Kd2 Qg5 48. Qxb5 Qxg2+ 49. Qe2 Qg1 50. Qe6+ Kh5 51. Qxd5+ g5 52. b5 Qe3+ 53. Kc2
Kh4 54. Qd3 Kg3 55. Qd5 g4 56. fxg4 f3 57. Qd6+ Kg2 58. Qd5 Kg3 59. Qd6+ Kh3 60.
Qd1 f2 61. b6 Qxb6 62. Qf3+ Kh2 63. g5 Qg6+ 64. Kb2 Qb6+ 65. Kc2 Qa7 66. Qf4+
Kh3 67. Qf3+ Kh4 68. Qf4+ Kh3 69. Qf3+ Kh2 70. Qf4+ Kg2 71. Qg4+ Kh1 72. Qh3+
Kg1 73. Qg3+ Kf1 74. g6 Qa2+ 75. Kd3 Qd5+ 76. Ke3 Qe6+ 77. Kd2 Qa2+ 78. Kd3 Qe2+
79. Kd4 Qd2+ 80. Kc5 Ke2 81. Qg4+ Ke1 82. Qe4+ Kd1 83. Qb1+ Ke2 84. Qe4+ Kd1 85.
Qb1+ Ke2 1/2-1/2

[Event "Global Chess League 2023"]
[Site "Dubai UAE"]
[Date "2023.07.01"]
[Round "10.5"]
[White "Shuvalova, Polina"]
[Black "Batsiashvili, Nino"]
[Result "0-1"]
[WhiteTitle "IM"]
[BlackTitle "GM"]
[WhiteElo "2496"]
[BlackElo "2470"]
[WhiteTeam "Chingari Gulf Titans"]
[BlackTeam "Balan Alaskan knights"]
[WhiteFideId "24171760"]
[BlackFideId "13602993"]
[EventDate "2023.06.22"]

1. d4 Nf6 2. c4 e6 3. Nc3 Bb4 4. e3 O-O 5. Bd3 d5 6. a3 Bxc3+ 7. bxc3 dxc4 8.
Bxc4 c5 9. Ne2 b6 10. O-O Qc7 11. Ba2 Bb7 12. Bb2 Nbd7 13. c4 Rad8 14. Rc1 Ne5
15. Ng3 Ng6 16. Qe2 Qc6 17. f3 cxd4 18. exd4 Qc7 19. Bb1 Rd7 20. Kh1 Rfd8 21.
Qe3 Qf4 22. Qxf4 Nxf4 23. Rfd1 Rc8 24. Nf1 h5 25. h4 Rcd8 26. Rd2 Nh7 27. Kh2
Nf8 28. Ne3 N4g6 29. Kh3 e5 30. d5 Ne6 31. Kg3 Nc5 32. Re1 Re8 33. Nf5 Ba6 34.
Ne3 e4 35. f4 b5 36. cxb5 Bxb5 37. Bc3 Nd3 38. Bxd3 exd3 39. f5 Nf8 40. Kf2 Nh7
41. Rb1 Ba6 42. Rb4 Rc8 43. Bd4 Nf6 44. Bxf6 gxf6 45. Ra4 Rd6 46. Kf3 Rc1 47.
Ra5 Re1 48. Kf2 Re2+ 49. Rxe2 dxe2 50. Rc5 Rb6 51. Rc2 Rb1 52. Rxe2 Bxe2 53.
Kxe2 Ra1 54. d6 Kf8 55. Nd5 Ra2+ 56. Kd3 Ke8 57. Nxf6+ Kd8 58. Nxh5 Rxa3+ 59.
Ke2 Kd7 60. g4 Kxd6 61. Nf6 Rh3 62. h5 Ke5 63. Ng8 a5 64. Kf2 a4 65. Kg2 Rh4 66.
Kg3 Rh1 67. Kg2 a3 68. Kxh1 a2 69. h6 a1=Q+ 70. Kh2 Kf4 71. Nf6 Qxf6 0-1

[Event "Global Chess League 2023"]
[Site "Dubai UAE"]
[Date "2023.07.01"]
[Round "10.6"]
[White "Nihal, Sarin"]
[Black "Sadhwani, Raunak"]
[Result "1/2-1/2"]
[WhiteTitle "GM"]
[BlackTitle "GM"]
[WhiteElo "2681"]
[BlackElo "2603"]
[WhiteTeam "Chingari Gulf Titans"]
[BlackTeam "Balan Alaskan knights"]
[WhiteFideId "25092340"]
[BlackFideId "35093487"]
[EventDate "2023.06.22"]

1. Nf3 d5 2. e3 Nf6 3. b3 Bf5 4. Ba3 Nbd7 5. c4 dxc4 6. Bxc4 c5 7. O-O e6 8. d4
a6 9. Nbd2 Be7 10. dxc5 Nxc5 11. Nd4 Bg6 12. N2f3 O-O 13. Bb2 Bd6 14. b4 Nce4
15. a3 Qe7 16. Rc1 a5 17. bxa5 Bxa3 18. Bxa3 Qxa3 19. Ra1 Qb4 20. Ra4 Qc5 21.
Qa1 Qe7 22. Qb2 Rfc8 23. h3 Bh5 24. Rfa1 Nd6 25. Bf1 Nfe4 26. Ne5 Rc5 27. Nd3
Rc7 28. Nb5 Nxb5 29. Rxe4 Bg6 30. Rb4 Nd6 31. Ne5 Bf5 32. Nc4 Nxc4 33. Rxc4 Rxc4
34. Bxc4 Qc7 35. Qb4 h6 36. Be2 Qe5 37. Ra4 Rc8 38. Qe1 Qb2 39. Ra1 Be4 40. Bf1
Ra8 41. a6 1/2-1/2

[Event "Global Chess League 2023"]
[Site "Dubai UAE"]
[Date "2023.07.01"]
[Round "10.1"]
[White "Aronian, Levon"]
[Black "Anand, Viswanathan"]
[Result "1/2-1/2"]
[WhiteTitle "GM"]
[BlackTitle "GM"]
[WhiteElo "2742"]
[BlackElo "2754"]
[WhiteTeam "Triveni Continental Kings"]
[BlackTeam "Ganges grandmasters"]
[WhiteFideId "13300474"]
[BlackFideId "5000017"]
[EventDate "2023.06.22"]

1. e4 c6 2. Nf3 d5 3. exd5 cxd5 4. d4 Nc6 5. c4 Nf6 6. Nc3 a6 7. c5 Bg4 8. Be2
g6 9. Be3 Bg7 10. O-O O-O 11. Rc1 e6 12. h3 Bxf3 13. Bxf3 b6 14. cxb6 Qxb6 15.
Na4 Qb7 16. Nc5 Qb6 17. Be2 Ne7 18. Qb3 Qxb3 19. Nxb3 Nf5 20. Bf4 Nh5 21. Be5
Bxe5 22. dxe5 Nf4 23. Rfe1 a5 24. Bf1 g5 25. g3 Ng6 26. Bd3 Nge7 27. Rc7 Rfe8
28. Rec1 Ng6 29. Bxf5 exf5 30. Nd4 Rxe5 31. Nf3 Re2 32. Nxg5 Ne5 33. Kf1 Rxb2
34. Re1 Nd3 35. Re2 Rab8 36. Nxf7 Rb1+ 37. Kg2 Ne1+ 38. Kh2 Nf3+ 39. Kg2 Ne1+
40. Kh2 Nf3+ 41. Kg2 1/2-1/2

[Event "Global Chess League 2023"]
[Site "Dubai UAE"]
[Date "2023.07.01"]
[Round "10.2"]
[White "Yu, Yangyi"]
[Black "Rapport, Richard"]
[Result "0-1"]
[WhiteTitle "GM"]
[BlackTitle "GM"]
[WhiteElo "2734"]
[BlackElo "2752"]
[WhiteTeam "Triveni Continental Kings"]
[BlackTeam "Ganges grandmasters"]
[WhiteFideId "8603820"]
[BlackFideId "738590"]
[EventDate "2023.06.22"]

1. d4 Nf6 2. c4 e6 3. Nf3 c5 4. d5 d6 5. Nc3 exd5 6. cxd5 g6 7. Nd2 Bg7 8. e4
O-O 9. Be2 Re8 10. O-O Na6 11. Kh1 Nc7 12. a4 a6 13. f3 Rb8 14. a5 Bd7 15. Nc4
Bb5 16. Bg5 Bxc4 17. Bxc4 h6 18. Bh4 g5 19. Be1 Nd7 20. Rb1 b5 21. axb6 Nxb6 22.
Bd3 Nd7 23. Ne2 Nb5 24. Ng3 Be5 25. Ra1 Nd4 26. Rxa6 Rxb2 27. Bc3 Rb7 28. Bxd4
cxd4 29. Nf5 Nc5 30. Rc6 Kh7 31. Nxd6 Bxd6 32. Rxd6 Qe7 33. Rc6 Nd7 34. e5+ Kg7
35. e6 Ne5 36. Ra6 Rd8 37. Be4 Rb4 38. Qd2 Qb7 39. Rfa1 d3 40. h3 Rb1+ 41. Rxb1
Qxb1+ 42. Kh2 Rc8 43. exf7 Rc2 44. Ra8 Kxf7 45. Qa5 Qc1 46. Ra7+ Ke8 47. Qb5+
Nc6 48. Ra8+ Kf7 49. Qb7+ Ne7 50. Qb8 Rc8 51. Bg6+ Nxg6 52. Qb7+ Qc7+ 53. Qxc7+
Rxc7 54. Ra4 Nf4 55. d6 Rd7 56. Rd4 Ke6 57. g3 Rxd6 0-1

[Event "Global Chess League 2023"]
[Site "Dubai UAE"]
[Date "2023.07.01"]
[Round "10.4"]
[White "Lagno, Kateryna"]
[Black "Hou, Yifan"]
[Result "1/2-1/2"]
[WhiteTitle "GM"]
[BlackTitle "GM"]
[WhiteElo "2552"]
[BlackElo "2628"]
[WhiteTeam "Triveni Continental Kings"]
[BlackTeam "Ganges grandmasters"]
[WhiteFideId "14109336"]
[BlackFideId "8602980"]
[EventDate "2023.06.22"]

1. e4 c5 2. Nf3 d6 3. d4 cxd4 4. Nxd4 Nf6 5. Nc3 a6 6. f4 Qc7 7. f5 e5 8. fxe6
fxe6 9. Be2 Nc6 10. Be3 Be7 11. O-O Ne5 12. Bh5+ g6 13. Be2 O-O 14. a4 Bd7 15.
a5 Nc4 16. Bxc4 Qxc4 17. h3 e5 18. Nf3 Nxe4 19. Nd5 Bd8 20. b3 Qc8 21. Kh2 Be6
22. c4 Rf7 23. Bh6 Qc6 24. Qe2 Bxd5 25. cxd5 Qxd5 26. Qe3 Nc5 27. b4 Nd7 28.
Rad1 Qe6 29. Nd4 Qe7 30. Nf3 Qe6 31. Nd4 Qc4 32. Nf3 Be7 33. Rc1 Qe6 34. Rc7 e4
35. Nd4 Qe5+ 36. Bf4 Rxf4 37. Qxf4 Bf6 38. Rxd7 Rf8 39. Ne2 Qe8 40. Qg4 h5 41.
Qg3 Be5 42. Nf4 Qxd7 43. Qxg6+ Qg7 44. Qxe4 h4 45. Kh1 Qf7 46. Qf3 Bxf4 47. Qg4+
Kh8 48. Qxh4+ Kg8 49. Qg4+ Kh8 50. Qh4+ Kg8 1/2-1/2

[Event "Global Chess League 2023"]
[Site "Dubai UAE"]
[Date "2023.07.01"]
[Round "10.5"]
[White "Khademalsharieh, Sarasadat"]
[Black "Khotenashvili, Bella"]
[Result "1-0"]
[WhiteTitle "IM"]
[BlackTitle "GM"]
[WhiteElo "2488"]
[BlackElo "2470"]
[WhiteTeam "Triveni Continental Kings"]
[BlackTeam "Ganges grandmasters"]
[WhiteFideId "12512214"]
[BlackFideId "13602640"]
[EventDate "2023.06.22"]

1. Nf3 g6 2. c4 Bg7 3. g3 c5 4. Bg2 Nc6 5. Nc3 e5 6. O-O Nge7 7. d3 O-O 8. a3 a5
9. Ne1 d6 10. Nc2 Be6 11. Ne3 Rb8 12. Ned5 Qd7 13. Qa4 Qd8 14. Bg5 f6 15. Bd2
Bd7 16. Qd1 Nxd5 17. Bxd5+ Kh8 18. Nb5 Bh3 19. Re1 f5 20. Qc1 f4 21. Bg2 Qd7 22.
Rb1 g5 23. b4 axb4 24. axb4 Rf6 25. f3 Rh6 26. g4 Bxg4 27. fxg4 Qxg4 28. Rb3 Qh4
29. h3 g4 30. d4 Rg8 31. dxc5 gxh3 32. Rxh3 Qg4 33. Qc3 e4 34. Nxd6 Bd4+ 35.
Qxd4+ Nxd4 36. Nf7+ Kg7 37. Nxh6 Nxe2+ 38. Kh2 Qd7 39. Rxe2 Re8 40. Bxf4 Qd1 41.
Rd2 Qe1 42. Rg3+ Kf6 43. Rd6+ Re6 44. Bg5+ Ke5 45. Rd5# 1-0

[Event "Global Chess League 2023"]
[Site "Dubai UAE"]
[Date "2023.07.01"]
[Round "10.6"]
[White "Bjerre, Jonas Buhl"]
[Black "Esipenko, Andrey"]
[Result "1-0"]
[WhiteTitle "GM"]
[BlackTitle "GM"]
[WhiteElo "2624"]
[BlackElo "2682"]
[WhiteTeam "Triveni Continental Kings"]
[BlackTeam "Ganges grandmasters"]
[WhiteFideId "1444948"]
[BlackFideId "24175439"]
[EventDate "2023.06.22"]

1. e4 e5 2. Nf3 Nc6 3. Bb5 a6 4. Ba4 Nf6 5. O-O b5 6. Bb3 Bc5 7. a4 Rb8 8. c3 d6
9. d4 Bb6 10. a5 Ba7 11. h3 O-O 12. Be3 Ra8 13. Nbd2 h6 14. Re1 Re8 15. Bc2 Bb7
16. Bb1 Nb8 17. d5 c6 18. dxc6 Nxc6 19. Bxa7 Rxa7 20. b4 Bc8 21. Ba2 Rd7 22. Qb3
Bb7 23. Rad1 Qa8 24. c4 Na7 25. Qe3 Nc6 26. Qb3 Nd8 27. cxb5 axb5 28. Qd3 Bc6
29. Nh4 Ne6 30. Nf5 Kh7 31. Qe3 Nf4 32. Ng3 d5 33. Nb3 d4 34. Nxd4 Nxg2 35. Kxg2
exd4 36. Rxd4 Nxe4 37. Nxe4 Rxd4 38. Qxd4 f5 39. f3 fxe4 40. Bb1 Kh8 41. Bxe4
Qb8 42. Qb6 Qxb6 43. axb6 Bxe4 44. Rxe4 Rb8 45. Re6 Kg8 46. f4 Kf7 47. f5 Rd8
48. b7 Rb8 49. Rb6 Ke7 50. Kf3 Kd8 51. Rxb5 Kc7 52. Re5 Kd7 53. b5 Rxb7 54. Kg4
Rb6 55. Kh5 Rf6 56. h4 Kd8 57. Kg4 Rb6 58. h5 Kd7 59. Kf4 Rb7 60. Ke4 Rb8 61.
Kd4 Rf8 62. b6 Kc8 63. Kc5 Rf7 64. Kc6 Rf8 65. b7+ Kb8 66. Kb6 Rd8 67. Re6 Rf8
68. Rd6 Re8 69. Kc6 Rf8 70. Re6 Rd8 71. f6 gxf6 72. Rxf6 Rh8 73. Rd6 Rf8 74.
Rxh6 Ka7 75. Rd6 Rf1 76. Rd5 Rf6+ 77. Kc7 Rf7+ 78. Rd7 Rf8 79. h6 1-0